| 000 | 00816nam a2200241 a 4500 | ||
|---|---|---|---|
| 001 | 000015549 | ||
| 005 | 20240412074244.0 | ||
| 008 | 100212s2009 dr 000 j spa d | ||
| 020 | _a9789993475224 | ||
| 040 |
_aDO-SdBNP _bspa _cBNPHU |
||
| 082 |
_aRD863.44 _bG216i, 2009 |
||
| 100 | 1 |
_aGarcía Romero, Rafael, _d1957- _91671 |
|
| 245 | 1 | 4 |
_aLos ídolos de Amorgos / : _bRafael García Romero ; corrección de estilo Josefa Ureña. |
| 250 | _a3a ed. | ||
| 260 |
_aSanto Domingo : _bCEDIBIL, _c2009. |
||
| 300 |
_a147 p. ; _c22 cm. |
||
| 500 | _aIncluye datos biográficos del autor en la solapa de la cubierta | ||
| 650 | 0 |
_aCuentos dominicanos _9176 |
|
| 650 | 0 |
_aLiteratura dominicana. _967 |
|
| 700 | 1 |
_aUreña, Josefa _935085 |
|
| 710 | 1 |
_aCentro de investigaciones bibliográficas _935086 |
|
| 049 | _aBNPD | ||
| 999 |
_c15105 _d15105 |
||